Religion Quiz

Random Religion or Famous Quiz
Score 0/24 Timer 05:00
0 Plays Today
% Correct
Amy Winehouse
85.8%
Pink
82.9%
David Schwimmer
75.8%
Natalie Portman
75.2%
Jamie Lee Curtis
74.5%
Jeff Goldblum
72.8%
Lisa Kudrow
72%
Art Garfunkel
70.1%
Bette Midler
66%
Julia Louis-Dreyfus
63.8%
Jesse Eisenberg
57.7%
Sarah Michelle Gellar
56.9%
% Correct
Sigmund Freud
54.2%
Golda Meir
48.5%
Shia LaBeouf
46.8%
Elizabeth Banks
42.3%
Henry Kissinger
42%
David Blaine
35.2%
Alan Arkin
34.5%
J. J. Abrams
32.1%
Peter Sellers
27.5%
George Soros
20.1%
Yitzhak Rabin
14.1%
Douglas Fairbanks
6%
Remove Ads.
Support Sporcle.
Get the best of Sporcle when you Go Orange. This ad-free experience offers more features, more stats, and more fun while also helping to support Sporcle. Thank you for becoming a member.

You're not logged in!

Compare scores with friends on all Sporcle quizzes.
OR
Log In

Sporcle TV

Today on Sporcle TV


Watch our educational content, quiz creation guides, and fun videos on Sporcle TV.

Show Comments

Extras

Top Quizzes Today


Score Distribution

Paid Content

Your Account Isn't Verified!

In order to create a playlist on Sporcle, you need to verify the email address you used during registration. Go to your Sporcle Settings to finish the process.

Report this User

Report this user for behavior that violates our Community Guidelines.

Details: